[Event "C.to Italiano Semifinale"]
[Site "Torino ITA"]
[Date "2010.06.24"]
[Round "5"]
[White "De Florio, Federico"]
[Black "Contin, Daniel"]
[Result "0-1"]
[WhiteElo "2171"]
[BlackElo "2307"]
[PlyCount "82"]
[EventDate "2010.06.20"]

1. d4 Nf6 2. Nf3 g6 3. Bg5 Bg7 4. Nbd2 O-O 5. e3 b6 6. Be2 Bb7 7. O-O c5 8. c3
d6 9. Qb3 Nbd7 10. Rfd1 Qc7 11. Rac1 Rac8 12. h3 h6 13. Bh4 cxd4 14. exd4 Nh5
15. Ne1 Nf4 16. Bf1 Nf6 17. c4 g5 18. Bg3 N6h5 19. Nc2 d5 20. c5 Nxg3 21. fxg3
Ne6 22. cxb6 axb6 23. Qd3 Qd6 24. Nb3 Ra8 25. a3 Ba6 26. Qe3 Bc8 27. Nb4 Bd7
28. Kh2 Ba4 29. Rc3 Rac8 30. Rdc1 Rxc3 31. Qxc3 h5 32. Kh1 Bxb3 33. Qxb3 Nxd4
34. Qxd5 Qxg3 35. Nd3 e6 36. Qe4 Rd8 37. Qe1 h4 38. Qxg3 hxg3 39. Rc4 e5 40.
Rc1 e4 41. Ne1 Nb3 0-1

[Event "C.to Italiano Semifinale"]
[Site "Torino ITA"]
[Date "2010.06.24"]
[Round "5"]
[White "De Nisi, Roberta"]
[Black "Spinelli, Doriano"]
[Result "1/2-1/2"]
[WhiteElo "1916"]
[BlackElo "2112"]
[PlyCount "114"]
[EventDate "2010.06.20"]

1. d4 h6 2. c4 g5 3. e4 Bg7 4. Nc3 c5 5. d5 Bxc3+ 6. bxc3 Qa5 7. Bd2 d6 8. Ne2
Nf6 9. Qc2 Nbd7 10. Ng3 Ne5 11. f3 Bd7 12. a4 a6 13. Qa2 b5 14. axb5 Qxa2 15.
Rxa2 O-O 16. bxa6 Rfb8 17. Be2 Rb1+ 18. Kf2 Rxh1 19. Nxh1 Ra7 20. Ng3 e6 21. h3
Bc8 22. f4 gxf4 23. Bxf4 Kg7 24. Bxe5 dxe5 25. Nh5+ Nxh5 26. Bxh5 Rxa6 27. Rxa6
Bxa6 28. Be2 Kf8 29. g4 Ke7 30. Kg3 Bc8 31. Kh4 Kf6 32. Kh5 Kg7 33. h4 f6 34.
g5 hxg5 35. hxg5 f5 36. exf5 exf5 37. g6 Bd7 38. Kg5 e4 39. Bf1 Bc8 40. d6 Bd7
41. Bh3 e3 42. Bf1 f4 43. Kxf4 Kxg6 44. Kxe3 Kf6 45. Kf4 Be6 46. Be2 Bf7 47. d7
Ke7 48. Bg4 Bxc4 49. Ke5 Bf7 50. d8=Q+ Kxd8 51. Kd6 Bb3 52. Kxc5 Kc7 53. Bf3
Be6 54. Bd5 Bg4 55. Kd4 Bf5 56. c4 Bg4 57. c5 Bd1 1/2-1/2

[Event "C.to Italiano Semifinale"]
[Site "Torino ITA"]
[Date "2010.06.24"]
[Round "5"]
[White "Di Trapani, Davide"]
[Black "Ricci, Marco"]
[Result "0-1"]
[WhiteElo "1926"]
[BlackElo "2094"]
[PlyCount "102"]
[EventDate "2010.06.20"]

1. e4 e6 2. d4 d5 3. Nc3 Nf6 4. Bg5 Bb4 5. e5 h6 6. Bd2 Bxc3 7. bxc3 Ne4 8. Qg4
g6 9. h4 c5 10. Bd3 Nxd2 11. Kxd2 Nc6 12. Rh3 Rg8 13. Bb5 cxd4 14. Bxc6+ bxc6
15. Qxd4 Qb6 16. Ne2 Ba6 17. Rf3 Bxe2 18. Kxe2 Qb2 19. Qa4 Qb5+ 20. Qxb5 cxb5
21. Rb1 a6 22. Rb4 Ke7 23. a4 Rab8 24. a5 h5 25. Kd2 Rbc8 26. g3 Rgf8 27. Rbf4
Rc4 28. Kc1 Rxf4 29. Rxf4 f6 30. exf6+ Rxf6 31. Rxf6 Kxf6 32. Kd2 e5 33. Ke3 g5
34. hxg5+ Kxg5 35. Kf3 h4 36. gxh4+ Kxh4 37. Ke2 Kg4 38. Ke3 Kf5 39. Kd2 Ke4
40. Ke2 Kf4 41. Kf1 Kf5 42. Ke1 Ke6 43. Kd2 Kd6 44. Ke3 Kc5 45. f3 Kc4 46. Kd2
b4 47. cxb4 Kxb4 48. Ke3 Kxa5 49. f4 exf4+ 50. Kxf4 Kb4 51. Ke5 Kc4 0-1

[Event "C.to Italiano Semifinale"]
[Site "Torino ITA"]
[Date "2010.06.24"]
[Round "5"]
[White "Dvirnyy, Danyyil"]
[Black "Vezzosi, Paolo"]
[Result "1-0"]
[WhiteElo "2459"]
[BlackElo "2367"]
[PlyCount "53"]
[EventDate "2010.06.20"]

1. e4 c6 2. d4 d5 3. f3 dxe4 4. fxe4 e5 5. Nf3 Bg4 6. Bc4 Nd7 7. O-O Ngf6 8. c3
Bd6 9. Bg5 Qc7 10. h3 Bh5 11. Nbd2 h6 12. Be3 O-O-O 13. Qb3 Rhf8 14. Rae1 Bg6
15. Bf2 Nh5 16. a4 exd4 17. cxd4 Bg3 18. e5 Kb8 19. Nh4 Bxf2+ 20. Rxf2 Nb6 21.
g4 Qe7 22. Ng2 Rxd4 23. gxh5 Bxh5 24. a5 Nxc4 25. Nxc4 Qc5 26. Nd6 Rb4 27. Qc3
1-0

[Event "C.to Italiano Semifinale"]
[Site "Torino ITA"]
[Date "2010.06.24"]
[Round "5"]
[White "Finocchiaro, Gianluca"]
[Black "Passerotti, Pierluigi"]
[Result "1/2-1/2"]
[WhiteElo "2087"]
[BlackElo "2258"]
[PlyCount "79"]
[EventDate "2010.06.20"]

1. e4 e5 2. Nf3 Nc6 3. d4 exd4 4. Nxd4 Bc5 5. Be3 Qf6 6. Nb5 Bxe3 7. fxe3 Qh4+
8. g3 Qxe4 9. Nxc7+ Kd8 10. Nxa8 Qxh1 11. Qd6 Nf6 12. Nd2 Qd5 13. Qc7+ Ke7 14.
O-O-O Ne8 15. Qxc8 Nb4 16. Bc4 Qc6 17. Qb8 b5 18. Qxb5 Qxb5 19. Bxb5 Nd6 20.
Nc7 Rc8 21. Ne4 Nxe4 22. Rxd7+ Kf6 23. Bc4 Nc6 24. Nd5+ Kg5 25. Ba6 Rd8 26.
Rxd8 Nxd8 27. Bd3 Nf2 28. Kd2 Kg4 29. b4 Kh3 30. b5 Kxh2 31. Bxh7 g6 32. Ke2
Kxg3 33. Ne7 Ne4 34. Nc6 Nb7 35. Bg8 Nc3+ 36. Kd3 Nxb5 37. Bxf7 g5 38. Nd4 N5d6
39. Bh5 Nc5+ 40. Ke2 1/2-1/2

[Event "C.to Italiano Semifinale"]
[Site "Torino ITA"]
[Date "2010.06.24"]
[Round "5"]
[White "Grinza, Andrea"]
[Black "Fassio, Luca"]
[Result "0-1"]
[WhiteElo "2255"]
[BlackElo "2050"]
[PlyCount "111"]
[EventDate "2010.06.20"]

1. d4 g6 2. c4 Bg7 3. Nc3 d6 4. e4 Nf6 5. f3 O-O 6. Bg5 b6 7. Qd2 c5 8. d5 Na6
9. Bh6 Nc7 10. h4 e5 11. g4 Bxh6 12. Qxh6 Kh8 13. O-O-O Ng8 14. Qd2 h6 15. Nge2
a6 16. Ng3 b5 17. g5 h5 18. f4 exf4 19. Qxf4 Qe7 20. Bh3 bxc4 21. Nxh5 gxh5 22.
Bxc8 Raxc8 23. Qf3 f6 24. g6 Qg7 25. Rdg1 Qh6+ 26. Kb1 Ne8 27. Qg3 Rc7 28. Ne2
Rg7 29. Nf4 Ne7 30. Rg2 Rfg8 31. Rhg1 f5 32. Ne6 Rxg6 33. Qc3+ Kh7 34. Ng5+
Rxg5 35. hxg5 Qg6 36. exf5 Nxf5 37. Ka1 Neg7 38. Rf2 Re8 39. a3 Re4 40. Qf6 Rd4
41. Qd8 Rxd5 42. Rgf1 Re5 43. Rd1 Re8 44. Qf6 Re6 45. Qd8 a5 46. Qxa5 Nd4 47.
Qd8 Qe8 48. Qxe8 Nxe8 49. Rf7+ Kg6 50. Rd7 Ng7 51. a4 Ngf5 52. Kb1 Nb3 53. Rd8
Kxg5 54. Rg1+ Kf4 55. Rf8 Nd2+ 56. Ka2 0-1

[Event "C.to Italiano Semifinale"]
[Site "Torino ITA"]
[Date "2010.06.24"]
[Round "5"]
[White "Iudicello, Massimo"]
[Black "Piscopo, Pierluigi"]
[Result "0-1"]
[WhiteElo "2160"]
[BlackElo "2426"]
[PlyCount "94"]
[EventDate "2010.06.20"]

1. e4 c5 2. Nf3 Nc6 3. d4 cxd4 4. Nxd4 e5 5. Nb5 d6 6. c4 Be7 7. N1c3 a6 8. Na3
Be6 9. Nc2 Bg5 10. Bd3 Bxc1 11. Rxc1 Nf6 12. Ne3 O-O 13. O-O Rc8 14. Ncd5 Bxd5
15. cxd5 Nd4 16. Rxc8 Qxc8 17. f4 Qd8 18. fxe5 dxe5 19. Kh1 Ne8 20. Nf5 Nxf5
21. Rxf5 Qe7 22. Rf2 Nd6 23. g4 Qg5 24. Rc2 Qf4 25. Qe2 g6 26. Qg2 Rc8 27.
Rxc8+ Nxc8 28. Qe2 Nd6 29. b3 Kf8 30. a4 Ke7 31. h3 Qg3 32. Qf1 Qe3 33. Qe2
Qxe2 34. Bxe2 Nxe4 35. Kg2 Kd6 36. Bc4 Kc5 37. Kf3 Nd6 38. g5 b5 39. axb5 axb5
40. Be2 Kxd5 41. Ke3 Nf5+ 42. Kd2 Nd4 43. Bd1 b4 44. Ke3 e4 45. Kf2 Ke5 46. Ke3
Nf5+ 47. Kf2 Kf4 0-1

[Event "C.to Italiano Semifinale"]
[Site "Torino ITA"]
[Date "2010.06.24"]
[Round "5"]
[White "La Manna, Andrea"]
[Black "Pepino, Enrico"]
[Result "1/2-1/2"]
[WhiteElo "2229"]
[BlackElo "2190"]
[PlyCount "55"]
[EventDate "2010.06.20"]

1. d4 Nf6 2. c4 g6 3. Nc3 Bg7 4. e4 d6 5. f3 O-O 6. Be3 c5 7. d5 e6 8. Nge2
exd5 9. cxd5 a6 10. a4 Nbd7 11. Ng3 Ne5 12. h3 Nh5 13. Nxh5 Qh4+ 14. g3 Qxh5
15. f4 Qxd1+ 16. Kxd1 Nd7 17. Bd3 Re8 18. Re1 Bxc3 19. bxc3 Nf6 20. Bg1 Bxh3
21. a5 c4 22. Bd4 Nh5 23. Bxc4 Nxg3 24. e5 Nf5 25. Rb1 Rac8 26. Ba2 Bg4+ 27.
Kd2 Nxd4 28. e6 1/2-1/2

[Event "C.to Italiano Semifinale"]
[Site "Torino ITA"]
[Date "2010.06.24"]
[Round "5"]
[White "Martorelli, Antonio"]
[Black "Racioppo, Paolo"]
[Result "0-1"]
[WhiteElo "2259"]
[BlackElo "2172"]
[PlyCount "72"]
[EventDate "2010.06.20"]

1. e4 c5 2. Nf3 a6 3. d4 cxd4 4. c3 dxc3 5. Nxc3 e6 6. Bf4 Nc6 7. Bc4 b5 8. Bb3
Bb7 9. O-O d6 10. Qe2 Nf6 11. Rfd1 Qb8 12. h3 e5 13. Bg5 Be7 14. Qd2 b4 15. Nd5
Nxe4 16. Qe3 Nxg5 17. Nxg5 O-O 18. Ne4 Bd8 19. Qg3 Kh8 20. Ne3 Nd4 21. Rxd4
exd4 22. Nf5 g6 23. Nexd6 gxf5 24. Qf4 f6 25. Re1 Be4 26. f3 Bc7 27. fxe4 Bxd6
28. Qxf5 Be5 29. Bd5 Ra7 30. Rc1 Rc7 31. Rf1 Qe8 32. h4 Qg6 33. Qxe5 fxe5 34.
Rxf8+ Kg7 35. Rg8+ Kf6 36. Rxg6+ hxg6 0-1

[Event "C.to Italiano Semifinale"]
[Site "Torino ITA"]
[Date "2010.06.24"]
[Round "5"]
[White "Rombaldoni, Denis"]
[Black "Valsecchi, Alessio"]
[Result "1-0"]
[WhiteElo "2484"]
[BlackElo "2370"]
[PlyCount "107"]
[EventDate "2010.06.20"]

1. d4 Nf6 2. c4 e6 3. Nf3 c5 4. d5 exd5 5. cxd5 d6 6. Nc3 g6 7. e4 Bg7 8. Bg5
h6 9. Bh4 O-O 10. Nd2 Re8 11. Be2 a6 12. a4 Nbd7 13. O-O g5 14. Bg3 Ne5 15. Qc2
Ng6 16. Nc4 Nf4 17. Rfe1 b6 18. Bxf4 gxf4 19. Qd2 Nxe4 20. Qxf4 Nxc3 21. bxc3
Bxc3 22. Ra3 Bg7 23. Rg3 Kf8 24. Nxd6 Re7 25. Bf1 Raa7 26. Rge3 Rxe3 27. Rxe3
Re7 28. Rxe7 Kxe7 29. Qxf7+ Kxd6 30. Qxg7 Kxd5 31. Qxh6 Qd6 32. Qh8 Bd7 33.
Bxa6 Bxa4 34. Qg8+ Kc6 35. Qa8+ Kd7 36. Bc8+ Kc7 37. Bg4 b5 38. Qa7+ Kd8 39.
Qa5+ Ke7 40. h4 c4 41. h5 Qf6 42. g3 c3 43. Qc7+ Kf8 44. h6 c2 45. h7 Bb3 46.
Bf5 Qa1+ 47. Kg2 Bd5+ 48. f3 Bxf3+ 49. Kxf3 Qd1+ 50. Ke4 Qe1+ 51. Kd5 Qh1+ 52.
Ke6 Qh6+ 53. Ke5 c1=Q 54. Qxc1 1-0

[Event "C.to Italiano Semifinale"]
[Site "Torino ITA"]
[Date "2010.06.24"]
[Round "5"]
[White "Rota, Simone"]
[Black "Caprio, Guido"]
[Result "1/2-1/2"]
[WhiteElo "2019"]
[BlackElo "2224"]
[PlyCount "113"]
[EventDate "2010.06.20"]

1. d4 Nf6 2. c4 e6 3. Nf3 b6 4. g3 Ba6 5. Qc2 Bb7 6. Bg2 c5 7. dxc5 bxc5 8. O-O
Be7 9. Nc3 O-O 10. b3 d6 11. Bb2 Nbd7 12. Rad1 Qb6 13. Rfe1 Rfe8 14. e4 Bc6 15.
e5 Bxf3 16. Bxf3 Nxe5 17. Bxa8 Rxa8 18. Rxe5 dxe5 19. Qe2 Qb8 20. Nb5 e4 21.
Bxf6 Bxf6 22. Qxe4 a6 23. Na3 Bd4 24. Nc2 e5 25. Nxd4 cxd4 26. f4 exf4 27. Qxf4
Qxf4 28. gxf4 Rd8 29. Kf2 f5 30. Ke2 Kf8 31. Kd3 Re8 32. c5 Re4 33. Kc4 Rxf4
34. Kd5 Ke8 35. Kc6 d3 36. Rxd3 Rb4 37. Kc7 f4 38. a3 Re4 39. Kb8 Re3 40. Rxe3+
fxe3 41. c6 e2 42. c7 e1=Q 43. c8=Q+ Ke7 44. Qb7+ Kf8 45. Qb4+ Qxb4+ 46. axb4
Ke7 47. Kb7 Kd7 48. Kxa6 Kc7 49. Kb5 g5 50. Kc4 h5 51. Kd4 g4 52. Ke3 h4 53.
Kf4 g3 54. hxg3 hxg3 55. Kxg3 Kb6 56. b5 Kxb5 57. b4 1/2-1/2

[Event "C.to Italiano Semifinale"]
[Site "Torino ITA"]
[Date "2010.06.24"]
[Round "5"]
[White "Santeramo, Domenico"]
[Black "Cardani, Roberto"]
[Result "1-0"]
[WhiteElo "1884"]
[BlackElo "1998"]
[PlyCount "123"]
[EventDate "2010.06.20"]

1. e4 c5 2. Nf3 d6 3. d4 cxd4 4. Nxd4 Nf6 5. Nc3 a6 6. Bc4 e6 7. O-O b5 8. Bb3
Be7 9. Qf3 Qc7 10. Re1 O-O 11. Qg3 Bd7 12. Bh6 Ne8 13. Rad1 Nc6 14. Nxc6 Bxc6
15. Re3 Kh8 16. Bg5 b4 17. Bxe7 Qxe7 18. Ne2 Rd8 19. Nd4 Bb7 20. f3 d5 21. exd5
Bxd5 22. Red3 Qc5 23. Qf2 Nf6 24. Nf5 Rc8 25. Ne3 Bxb3 26. axb3 a5 27. c4 bxc3
28. bxc3 Qa3 29. c4 a4 30. bxa4 Qxa4 31. g4 h6 32. Kg2 Rb8 33. R1d2 e5 34. Rd6
e4 35. Rxf6 gxf6 36. fxe4 Qc6 37. Qf4 f5 38. Nxf5 Rbe8 39. Nd6 Re6 40. Rd5 Qc7
41. c5 Kg8 42. Rf5 Ra8 43. Qd2 Qc6 44. Qd4 Ra4 45. Qf2 Qa8 46. Rxf7 Rxd6 47.
cxd6 Qxe4+ 48. Rf3 Qd5 49. Kh3 Qxd6 50. Qc2 Rd4 51. Qc8+ Qd8 52. Qe6+ Kh8 53.
Qxh6+ Kg8 54. Qe6+ Kh8 55. Qf6+ Qxf6 56. Rxf6 Kg7 57. Rf5 Kg6 58. Kh4 Rd2 59.
h3 Rg2 60. Rb5 Ra2 61. Rb6+ Kg7 62. Kh5 1-0

[Event "C.to Italiano Semifinale"]
[Site "Torino ITA"]
[Date "2010.06.24"]
[Round "5"]
[White "Sbarra, Marco"]
[Black "Sibilio, Mario"]
[Result "0-1"]
[WhiteElo "2309"]
[BlackElo "2362"]
[PlyCount "70"]
[EventDate "2010.06.20"]

1. d4 e6 2. c4 f5 3. g3 Nf6 4. Bg2 Bb4+ 5. Nd2 a5 6. Ngf3 O-O 7. O-O b6 8. Ne5
Ra7 9. Nd3 Bxd2 10. Bxd2 Qe8 11. b3 d6 12. Bc3 a4 13. b4 b5 14. cxb5 Qxb5 15.
Nf4 g5 16. Nh3 h6 17. a3 c6 18. Rc1 Rg7 19. Kh1 Nbd7 20. f3 Nb6 21. e4 Nc4 22.
Re1 fxe4 23. fxe4 d5 24. e5 Ne4 25. Qh5 Qb7 26. Rxe4 dxe4 27. Bxe4 Qf7 28. Qxh6
Ne3 29. Bd2 Ng4 30. Nxg5 Nxh6 31. Nxf7 Nxf7 32. Bxc6 Nd8 33. Bg2 Bb7 34. Bh6
Rf2 35. Bxg7 Rxg2 0-1

[Event "C.to Italiano Semifinale"]
[Site "Torino ITA"]
[Date "2010.06.24"]
[Round "5"]
[White "Stella, Andrea"]
[Black "Genocchio, Daniele"]
[Result "0-1"]
[WhiteElo "2308"]
[BlackElo "2438"]
[PlyCount "96"]
[EventDate "2010.06.20"]

1. d4 Nf6 2. c4 e6 3. Nf3 c5 4. d5 b5 5. Bg5 exd5 6. cxd5 h6 7. Bxf6 Qxf6 8.
Nc3 a6 9. g3 d6 10. Bg2 Be7 11. O-O O-O 12. a4 bxa4 13. Nd2 Nd7 14. Nc4 Rb8 15.
Qxa4 Rb4 16. Qa2 Re8 17. Na5 Qg6 18. Nc6 Rb6 19. Rab1 Bf6 20. Na4 Rb5 21. b4
cxb4 22. Rxb4 Rxb4 23. Nxb4 Qg4 24. e4 h5 25. Nc6 h4 26. h3 Qg5 27. g4 Qf4 28.
Qe2 Be5 29. Rb1 Qh2+ 30. Kf1 Nf6 31. Rb8 Bd7 32. Rxe8+ Bxe8 33. Qf3 Nh7 34. Qf5
g6 35. Qc8 Kf8 36. Nb6 Nf6 37. g5 Qf4 38. Nxe5 Qxe5 39. gxf6 Qa1+ 40. Ke2 Qb2+
41. Kf1 Qb1+ 42. Ke2 Qxb6 43. Qc1 Kg8 44. Kf3 Qd4 45. Qf4 Qd1+ 46. Ke3 Qb3+ 47.
Kd2 Qb2+ 48. Ke3 Qc3+ 0-1

[Event "C.to Italiano Semifinale"]
[Site "Torino ITA"]
[Date "2010.06.24"]
[Round "6"]
[White "Bentivegna, Francesco"]
[Black "Finocchiaro, Gianluca"]
[Result "1-0"]
[WhiteElo "2343"]
[BlackElo "2087"]
[PlyCount "59"]
[EventDate "2010.06.20"]

1. e4 Nc6 2. Nf3 f5 3. e5 e6 4. d4 d6 5. exd6 Bxd6 6. Bg5 Nf6 7. Bc4 O-O 8. O-O
Qe8 9. Nc3 Qh5 10. Bxf6 Rxf6 11. g3 Rh6 12. Nh4 Qxd1 13. Raxd1 Kh8 14. f4 Bd7
15. Nf3 Nb4 16. Bb3 c5 17. Ne5 Be8 18. a3 Nc6 19. Nc4 Be7 20. d5 Nd4 21. Ne5 b5
22. Kg2 Bd6 23. dxe6 Bxe5 24. fxe5 Rd8 25. e7 Rd7 26. Nxb5 Nxb5 27. Rxf5 Rf6
28. exf6 Rxd1 29. f7 Bc6+ 30. Kh3 1-0

[Event "C.to Italiano Semifinale"]
[Site "Torino ITA"]
[Date "2010.06.24"]
[Round "6"]
[White "Bove, Alessandro"]
[Black "Rombaldoni, Denis"]
[Result "1/2-1/2"]
[WhiteElo "2346"]
[BlackElo "2484"]
[PlyCount "24"]
[EventDate "2010.06.20"]

1. d4 d5 2. c4 c6 3. Nf3 Nf6 4. Nc3 e6 5. Qd3 Nbd7 6. e4 dxe4 7. Nxe4 Nxe4 8.
Qxe4 Bb4+ 9. Bd2 Bxd2+ 10. Nxd2 O-O 11. O-O-O c5 12. Nf3 Nf6 1/2-1/2

[Event "C.to Italiano Semifinale"]
[Site "Torino ITA"]
[Date "2010.06.24"]
[Round "6"]
[White "Brunello, Sabino"]
[Black "Dvirnyy, Danyyil"]
[Result "1/2-1/2"]
[WhiteElo "2467"]
[BlackElo "2459"]
[PlyCount "80"]
[EventDate "2010.06.20"]

1. d4 Nf6 2. Nf3 e6 3. c4 c5 4. d5 exd5 5. cxd5 d6 6. Nc3 g6 7. e4 Bg7 8. Bb5+
Nbd7 9. Bf4 O-O 10. O-O Qe7 11. Re1 Ng4 12. Bg5 f6 13. Bh4 g5 14. Bg3 Nge5 15.
Nd2 Ng6 16. Nc4 Nde5 17. Ne3 f5 18. exf5 Bxf5 19. Nxf5 Rxf5 20. Bd3 Rf7 21.
Bxg6 hxg6 22. h3 Rf5 23. Re4 Qf7 24. Qd2 a6 25. a4 Rb8 26. Qe2 Rc8 27. a5 Qd7
28. Qc2 Rcf8 29. Nd1 R5f7 30. Ne3 Kh7 31. h4 Qd8 32. h5 Kg8 33. hxg6 Nxg6 34.
Nc4 Nf4 35. Rae1 Bd4 36. Bxf4 gxf4 37. Rxd4 cxd4 38. Qg6+ Rg7 39. Qe6+ Kh8 40.
Nxd6 Qg5 1/2-1/2

[Event "C.to Italiano Semifinale"]
[Site "Torino ITA"]
[Date "2010.06.24"]
[Round "6"]
[White "Caprio, Guido"]
[Black "Nikolajevic, Tihomir"]
[Result "1-0"]
[WhiteElo "2224"]
[BlackElo "1914"]
[PlyCount "46"]
[EventDate "2010.06.20"]

1. e4 c5 2. Nf3 e6 3. d4 cxd4 4. Nxd4 Nf6 5. Nc3 d6 6. Bc4 a6 7. Bb3 b5 8. O-O
Bb7 9. Re1 Be7 10. Bxe6 O-O 11. Bd5 Nxd5 12. Nxd5 Bxd5 13. exd5 Bf6 14. Bf4 Qb6
15. Nf5 Be5 16. Qg4 g6 17. Ne7+ Kg7 18. Rxe5 dxe5 19. Bxe5+ f6 20. Bd4 Qc7 21.
Re1 Qd7 22. Re6 Qd8 23. h4 Ra7 1-0

[Event "C.to Italiano Semifinale"]
[Site "Torino ITA"]
[Date "2010.06.24"]
[Round "6"]
[White "Cardani, Roberto"]
[Black "Di Trapani, Davide"]
[Result "1/2-1/2"]
[WhiteElo "1998"]
[BlackElo "1926"]
[PlyCount "52"]
[EventDate "2010.06.20"]

1. e4 e5 2. Nf3 Nc6 3. Bb5 a6 4. Ba4 Nf6 5. O-O b5 6. Bb3 Bc5 7. c3 d6 8. d4
Bb6 9. a4 Rb8 10. axb5 axb5 11. Na3 O-O 12. Nxb5 Bg4 13. Bc2 d5 14. Bg5 exd4
15. cxd4 dxe4 16. Bxe4 Bxf3 17. Bxf3 Nxd4 18. Nc3 Nxf3+ 19. Qxf3 Bd4 20. Rab1
Qe7 21. Nd5 Qd6 22. Nxf6+ Bxf6 23. Bxf6 Qxf6 24. Qxf6 gxf6 25. f4 Rfd8 26. Rf2
Rb7 1/2-1/2

[Event "C.to Italiano Semifinale"]
[Site "Torino ITA"]
[Date "2010.06.24"]
[Round "6"]
[White "Fabbri, Mario"]
[Black "Rota, Simone"]
[Result "1/2-1/2"]
[WhiteElo "2190"]
[BlackElo "2019"]
[PlyCount "40"]
[EventDate "2010.06.20"]

1. d4 d5 2. c4 e6 3. Nc3 c6 4. e4 dxe4 5. Nxe4 Nf6 6. Nxf6+ Qxf6 7. Nf3 Bb4+ 8.
Bd2 Bxd2+ 9. Qxd2 O-O 10. Bd3 Nd7 11. O-O e5 12. dxe5 Nxe5 13. Nxe5 Qxe5 14.
Rfe1 Qf6 15. Qb4 g6 16. Rad1 Rb8 17. Be4 Be6 18. b3 Rfd8 19. Qc5 Rxd1 20. Rxd1
Rd8 1/2-1/2

[Event "C.to Italiano Semifinale"]
[Site "Torino ITA"]
[Date "2010.06.24"]
[Round "6"]
[White "Fassio, Luca"]
[Black "Bianco, Valerio"]
[Result "1/2-1/2"]
[WhiteElo "2050"]
[BlackElo "2210"]
[PlyCount "25"]
[EventDate "2010.06.20"]

1. e4 c6 2. d4 d5 3. exd5 cxd5 4. c4 Nf6 5. Nc3 Nc6 6. Nf3 Bg4 7. Be3 Qa5 8.
Qb3 O-O-O 9. Be2 dxc4 10. Qxc4 Bxf3 11. Bxf3 Qb4 12. Be2 Qxc4 13. Bxc4 1/2-1/2

[Event "C.to Italiano Semifinale"]
[Site "Torino ITA"]
[Date "2010.06.24"]
[Round "6"]
[White "Ferro, Mario"]
[Black "Iudicello, Massimo"]
[Result "0-1"]
[WhiteElo "2259"]
[BlackElo "2160"]
[PlyCount "88"]
[EventDate "2010.06.20"]

1. d4 Nf6 2. Nf3 e6 3. g3 b6 4. Bg2 Bb7 5. O-O Be7 6. c4 O-O 7. Nc3 Ne4 8. Qd3
Nxc3 9. Qxc3 d6 10. b4 Nd7 11. Re1 f5 12. Ng5 Bxg5 13. Bxb7 Rb8 14. Bxg5 Qxg5
15. Bg2 Nf6 16. f4 Qg6 17. Qa3 h5 18. Qxa7 h4 19. gxh4 Qg4 20. Qxc7 Ne4 21. e3
Ra8 22. a4 Rf6 23. Qc6 Raf8 24. Ra2 Rg6 25. Kf1 Kh7 26. h5 Qxh5 27. Bxe4 fxe4
28. Rf2 d5 29. c5 bxc5 30. Qxc5 Rff6 31. Ree2 Rg4 32. Ke1 Rg1+ 33. Kd2 Ra1 34.
Qc2 Qe8 35. Kc3 Rxa4 36. Kb3 Qa8 37. Qb2 Rf8 38. b5 Qa5 39. Kc2 Rc8+ 40. Kb1
Rb4 41. Qxb4 Qxb4+ 42. Rb2 Qe1+ 43. Ka2 Ra8+ 44. Kb3 Qxe3+ 0-1

[Event "C.to Italiano Semifinale"]
[Site "Torino ITA"]
[Date "2010.06.24"]
[Round "6"]
[White "Genocchio, Daniele"]
[Black "Di Paolo, Raffaele"]
[Result "1-0"]
[WhiteElo "2438"]
[BlackElo "2343"]
[PlyCount "75"]
[EventDate "2010.06.20"]

1. e4 e6 2. d4 d5 3. Nc3 Bb4 4. e5 c5 5. Bd2 Ne7 6. Nb5 Bxd2+ 7. Qxd2 O-O 8. f4
cxd4 9. Nf3 Nbc6 10. Bd3 Qa5 11. Qxa5 Nxa5 12. O-O-O Bd7 13. Nbxd4 Nac6 14. Nb3
Rac8 15. Rhe1 b6 16. a3 f6 17. g3 h6 18. exf6 Rxf6 19. h4 Be8 20. Ba6 Rc7 21.
Nfd4 Nxd4 22. Nxd4 Bg6 23. Rd2 Be4 24. Nb5 Rc5 25. b4 Rc6 26. Bb7 Rc4 27. Nd6
Rc3 28. Rxe4 dxe4 29. Nxe4 Rxa3 30. Kb2 Re3 31. Nxf6+ gxf6 32. c4 a5 33. c5 a4
34. Rd7 bxc5 35. bxc5 a3+ 36. Ka2 Nd5 37. Bxd5 exd5 38. c6 1-0

[Event "C.to Italiano Semifinale"]
[Site "Torino ITA"]
[Date "2010.06.24"]
[Round "6"]
[White "Martorelli, Antonio"]
[Black "De Nisi, Roberta"]
[Result "0-1"]
[WhiteElo "2259"]
[BlackElo "1916"]
[PlyCount "100"]
[EventDate "2010.06.20"]

1. e4 e6 2. d4 d5 3. e5 c5 4. c3 Nc6 5. Nf3 Qb6 6. a3 c4 7. g3 Bd7 8. Nbd2 Na5
9. Rb1 Rc8 10. Bh3 Nh6 11. O-O Be7 12. Ne1 Nf5 13. Ng2 g6 14. g4 Ng7 15. Nf3
O-O 16. Bg5 Bxg5 17. Nxg5 f6 18. Nf3 Nc6 19. exf6 Rxf6 20. g5 Rf7 21. Ne3 Rcf8
22. Nd2 Qd8 23. f4 Rxf4 24. Rxf4 Rxf4 25. Nf3 Qf8 26. Kf2 Qe7 27. Kg2 Qd6 28.
Ng4 Nh5 29. Qd2 Kg7 30. Re1 Re4 31. Rxe4 dxe4 32. Nfe5 Nxe5 33. Nxe5 Bc6 34.
Qe3 Bd5 35. Bg4 Qf8 36. Nd7 Nf4+ 37. Kg3 Qd6 38. Ne5 Nd3 39. Kh3 Nxe5 40. dxe5
Qxe5 41. Kg2 Bc6 42. h4 Qd5 43. Kf2 e5 44. Be2 Qf7+ 45. Ke1 Qf4 46. Qxa7 e3 47.
Kd1 Qe4 48. Ke1 Qxh4+ 49. Kd1 Qh1+ 50. Kc2 Be4+ 0-1

[Event "C.to Italiano Semifinale"]
[Site "Torino ITA"]
[Date "2010.06.24"]
[Round "6"]
[White "Molina, Fabrizio"]
[Black "Ricci, Marco"]
[Result "1-0"]
[WhiteElo "2211"]
[BlackElo "2094"]
[PlyCount "53"]
[EventDate "2010.06.20"]

1. Nf3 Nf6 2. c4 g6 3. Nc3 Bg7 4. d4 O-O 5. Bg5 d6 6. e3 h6 7. Bh4 c5 8. Be2
cxd4 9. Nxd4 Nc6 10. Nc2 Be6 11. O-O Rc8 12. Qd2 Na5 13. b3 g5 14. Bg3 d5 15.
Rad1 dxc4 16. Qc1 Qe8 17. b4 Nc6 18. Qa3 a6 19. e4 Rd8 20. f4 gxf4 21. Bxf4 Ng4
22. Nd5 f6 23. Qg3 Nge5 24. Nc7 Qf7 25. Bxh6 Bc8 26. Bh5 Ng6 27. Bxg6 1-0

[Event "C.to Italiano Semifinale"]
[Site "Torino ITA"]
[Date "2010.06.24"]
[Round "6"]
[White "Passerotti, Pierluigi"]
[Black "La Manna, Andrea"]
[Result "1-0"]
[WhiteElo "2258"]
[BlackElo "2229"]
[PlyCount "41"]
[EventDate "2010.06.20"]

1. d4 f5 2. Bg5 g6 3. e3 Bg7 4. Nd2 d6 5. Bc4 Nc6 6. c3 h6 7. Bh4 Nf6 8. a3 e6
9. f3 Qe7 10. Ne2 Bd7 11. Qc2 O-O 12. h3 d5 13. Ba2 g5 14. Bf2 Kh8 15. g4 fxg4
16. hxg4 Qf7 17. Bg3 Rac8 18. O-O-O Qg8 19. Bb1 Ne7 20. Rh2 b6 21. Be5 1-0

[Event "C.to Italiano Semifinale"]
[Site "Torino ITA"]
[Date "2010.06.24"]
[Round "6"]
[White "Pepino, Enrico"]
[Black "Sbarra, Marco"]
[Result "1/2-1/2"]
[WhiteElo "2190"]
[BlackElo "2309"]
[PlyCount "124"]
[EventDate "2010.06.20"]

1. e4 e5 2. Nf3 Nc6 3. d4 exd4 4. Nxd4 Nf6 5. Nc3 Bb4 6. Nxc6 bxc6 7. Bd3 d5 8.
exd5 cxd5 9. Qe2+ Be7 10. Bg5 O-O 11. O-O-O Be6 12. Rhe1 c6 13. Qe5 Rb8 14. Qg3
Qb6 15. Na4 Qb4 16. Qh4 Qxh4 17. Bxh4 Rb4 18. Bxf6 Bxf6 19. b3 Be7 20. c3 Rbb8
21. f4 Bd6 22. g3 Rfe8 23. Kd2 Kf8 24. f5 Bd7 25. Rxe8+ Rxe8 26. b4 h5 27. Nc5
Bc8 28. Re1 Rxe1 29. Kxe1 Ke7 30. Nb3 h4 31. Kf2 Kf6 32. Nd4 Bd7 33. Kf3 Be5
34. a3 hxg3 35. hxg3 Bxd4 36. cxd4 Bxf5 37. Ba6 Bd7 38. Bd3 Kg5 39. Ba6 Kf6 40.
Bd3 Bc8 41. Bf1 g5 42. Bd3 Ke7 43. Bf1 Kd6 44. Bd3 Kc7 45. a4 a5 46. bxa5 Kb8
47. Bf1 Ka7 48. Bd3 f6 49. Bf1 Bf5 50. Be2 Bg6 51. Kg4 Be4 52. a6 Kb8 53. Kh5
c5 54. dxc5 d4 55. c6 d3 56. Bd1 d2 57. a5 Bd3 58. g4 Be4 59. Kh6 Bd3 60. Kh5
Be4 61. Kh6 Bd3 62. Kg7 f5 1/2-1/2

[Event "C.to Italiano Semifinale"]
[Site "Torino ITA"]
[Date "2010.06.24"]
[Round "6"]
[White "Piscopo, Pierluigi"]
[Black "Contin, Daniel"]
[Result "1-0"]
[WhiteElo "2426"]
[BlackElo "2307"]
[PlyCount "69"]
[EventDate "2010.06.20"]

1. e4 c6 2. d4 d5 3. exd5 cxd5 4. Bf4 Nc6 5. c3 Bf5 6. Qb3 Qd7 7. Nf3 f6 8. Be2
g5 9. Bg3 h5 10. h4 g4 11. Nh2 Nh6 12. Nf1 e5 13. Ne3 Be6 14. Bb5 Nf7 15. O-O
a6 16. Bxc6 Qxc6 17. Qc2 O-O-O 18. Rd1 Rd7 19. a4 Bh6 20. Nf5 Bf8 21. Ne3 Rc7
22. Qe2 Bh6 23. b4 Bf4 24. b5 Qd6 25. bxa6 bxa6 26. Nd2 Bxg3 27. fxg3 Rxc3 28.
Rac1 exd4 29. Ne4 dxe4 30. Rxc3+ Kb8 31. Qb2+ Ka8 32. Rxd4 Qxg3 33. Qe2 Ka7 34.
Nd5 Qe5 35. Rc7+ 1-0